000 00357nam a2200169Ia 4500
001 8045
003 IN-NITTTR
005 20251114233034.0
008 251113s9999||||xx |||||||||||||| ||eng||
040 _beng
040 _cIN-NITTTR
041 _aeng
082 _a696.1 H14P
100 _aHall, F.
245 0 _aPlumbing. /
_cHall, F.
942 _2ddc
_cBK
999 _c10683
_d10683